书目信息 |
| 题名: |
实变数函数论
|
|
| 作者: | C.Caratheodory 著 ;武崇林 译 | |
| 分册: | ||
| 出版信息: | 北京 科学出版社 1957.12 |
|
| 页数: | 605页 | |
| 开本: | 26cm | |
| 丛书名: | ||
| 单 册: | ||
| 中图分类: | O174.1 | |
| 科图分类: | ||
| 主题词: | 数学分析 | |
| 电子资源: | ||
| ISBN: | ||
| 000 | 00624nam0 2200217 450 | |
| 001 | 0631317249 | |
| 005 | 20060726084554.96 | |
| 010 | @dCNY5.80 | |
| 100 | @a20060726d1957 km y0chiy0120 ea | |
| 101 | 0 | @achi |
| 102 | @aCN@b110000 | |
| 102 | @aCN@b110000 | |
| 200 | 1 | @a实变数函数论@Ashi bian shu han shu lun@f(德)C.Caratheodory著@F(de)C.Caratheodory zhu@g武崇林译@Gwu chong lin yi |
| 210 | @a北京@c科学出版社@d1957.12 | |
| 215 | @a605页@d26cm | |
| 606 | 0 | @a数学分析 |
| 690 | @aO174.1@v3 | |
| 701 | 0 | @aC.Caratheodory@4著 |
| 702 | 0 | @a武崇林@Awu chong lin@4译 |
| 801 | 0 | @aCN@bPFT@c20060726 |
| 905 | @a10447@dO174.1@e145 | |
| 实变数函数论/(德)C.Caratheodory著/武崇林译.-北京:科学出版社,1957.12 |
| 605页;26cm |
| ISBN :CNY5.80 |
| ● |
| 相关链接 |
|
|
|
|
正题名:实变数函数论
索取号:O174.1/145
 
预约/预借
| 序号 | 登录号 | 条形码 | 馆藏地/架位号 | 状态 | 备注 |
| 1 | 0431744 | 204317444 | 密集书库/ [索取号:O174.1/145] | 在馆 |